The American art book. (Record no. 353300)

000 -LEADER
fixed length control field 00707 a2200253 4500
003 - CONTROL NUMBER IDENTIFIER
control field OSt
005 - DATE AND TIME OF LATEST TRANSACTION
control field 20180116192400.0
008 - FIXED-LENGTH DATA ELEMENTS--GENERAL INFORMATION
fixed length control field 120702t xxu||||| |||| 00| 0 eng d
010 ## - LIBRARY OF CONGRESS CONTROL NUMBER
LC control number 99231734
020 ## - INTERNATIONAL STANDARD BOOK NUMBER
International Standard Book Number 0714838454
020 ## - INTERNATIONAL STANDARD BOOK NUMBER
International Standard Book Number 9780714841199
035 ## - SYSTEM CONTROL NUMBER
System control number (DLC) 99231734
035 ## - SYSTEM CONTROL NUMBER
System control number (OCoLC)40683878
040 ## - CATALOGING SOURCE
Transcribing agency 0
082 00 - DEWEY DECIMAL CLASSIFICATION NUMBER
Classification number 709.7303
245 04 - TITLE STATEMENT
Title The American art book.
260 ## - PUBLICATION, DISTRIBUTION, ETC.
Place of publication, distribution, etc. London :
Name of publisher, distributor, etc. Phaidon,
Date of publication, distribution, etc. 1999.
300 ## - PHYSICAL DESCRIPTION
Extent 512 p. :
Other physical details col. ill. ;
Dimensions 29 cm.
650 10 - SUBJECT ADDED ENTRY--TOPICAL TERM
Topical term or geographic name entry element Art, American
9 (RLIN) 5088
650 10 - SUBJECT ADDED ENTRY--TOPICAL TERM
Topical term or geographic name entry element Artists
Geographic subdivision United States
9 (RLIN) 5089
710 2# - ADDED ENTRY--CORPORATE NAME
Corporate name or jurisdiction name as entry element Phaidon Press.
9 (RLIN) 5090
942 ## - ADDED ENTRY ELEMENTS (KOHA)
Institution code [OBSOLETE] SADA
Koha item type Book
Call number prefix 709.7303 AME 1999
Source of classification or shelving scheme
952 ## - LOCATION AND ITEM INFORMATION (KOHA)
-- BOOK
Holdings
Withdrawn status Lost status Source of classification or shelving scheme Damaged status Not for loan Permanent Location Current Location Date acquired Total Checkouts Full call number Barcode Date last seen Date last checked out Cost, replacement price Price effective from Koha item type
          School of Art Design and Architecture (SADA) School of Art Design and Architecture (SADA) 06/29/2011 1 709.7303 AME 1999 SADA0001436 11/28/2024 11/18/2024 764.00 08/05/2011 Book
© 2023 Central Library, National University of Sciences and Technology. All Rights Reserved.